000 00525nam a2200181Ia 4500
008 240729s9999 xx 000 0 und d
022 _a1347-5460
245 0 _aISIJ International
260 _aJapan
260 _bThe Iron and Steel Institute of Japan
650 _a Chemistry | Technology
650 _a Engineering (General). Civil engineering (General)
650 _a Physics | Science
650 _aScience
856 _uhttps://doaj.org/toc/8579a8b698f94297a685f42a396c5247
942 _2ddc
942 _cDOAJEJ
999 _c73540
_d73540
945 _a1
_bMadushi Gamage
_c1
_dMadushi Gamage